| 000 | 00972nam a2200205Ia 4500 | ||
|---|---|---|---|
| 003 | Ost | ||
| 005 | 20260507075129.0 | ||
| 008 | 260507s9999||||xx |||||||||||||| ||und|| | ||
| 040 | _cfsecg | ||
| 041 | _aara | ||
| 082 | _a330 | ||
| 100 |
_aمحمد، جاسم _eمؤلف |
||
| 245 | 0 |
_aالتجارة الدولية / _c جاسم محمد |
|
| 260 |
_aعمان: _bزهران للنشر والتوزيع, _c2006 |
||
| 300 |
_a336 صفحة؛ _bإيضاحات ؛ _c24 سم |
||
| 520 | _aالتكتلات الإقتصادية الدولية المعاصرة- الإتفاقيات الثنائية الدولية- دراسات في التسويق الدولي- ماهية التسويق الدولي- السياسات التجارية والتجارة الدولية- تنفيذ أعمال الإستيراد والتصدير- التجارة الخارجية في الأردن. | ||
| 653 | _aالتجارة | ||
| 653 | _aالتجارة الدولية | ||
| 942 | _cكتاب | ||
| 999 |
_c43201 _d43201 |
||